000 00418nam a22001697a 4500
005 20250911115830.0
008 250910b |||||||| |||| 00| 0 eng d
020 _a978-93-5497-719-0
041 _aeng
082 _a005.73 THA-D
100 _aTHAREJA, REEMA
_95103
245 _aDATA STRUCTURE USING C
260 _a NEW DELHI
_bOXFORD UNIVERSITY PRESS
_c2014
300 _a536;P
650 _aCS/IT
942 _cBK
999 _c8814
_d8812